Guía práctica de Valencia (Record no. 154884)
[ view plain ]
| 000 -LEADER | |
|---|---|
| campo de control de longitud fija | 01054nam a22002055i 4500 |
| 001 - NÚMERO DE CONTROL | |
| campo de control | 154884 |
| 003 - IDENTIFICADOR DE NÚMERO DE CONTROL | |
| campo de control | ES-MaACL |
| 005 - FECHA Y HORA DE LA ÚLTIMA TRANSACCIÓN | |
| campo de control | 20230906205905.0 |
| 008 - DATOS DE LONGITUD FIJA--INFORMACIÓN GENERAL | |
| campo de control de longitud fija | 041013s1898 sp abo |||| | spa d |
| 040 ## - FUENTE DE CATALOGACIÓN | |
| Centro catalogador/agencia de origen | CAM |
| Lengua de catalogación | spa |
| Centro/agencia transcriptor | CAM |
| 245 00 - MENCIÓN DEL TÍTULO | |
| Título | Guía práctica de Valencia |
| Resto del título | : costumbres populares, excursiones á los pueblos de los alrededores, romerías a los santuarios, casas recomendadas del comercio, industria... : plano topográfico de Valencia, ilustrada con 24 fotograbados / |
| Mención de responsabilidad, etc. | recopilada por R.O.P. |
| 260 ## - PUBLICACIÓN, DISTRIBUCIÓN, ETC. | |
| Lugar de publicación, distribución, etc. | [Valencia] : |
| Nombre del editor, distribuidor, etc. | Librería de Ramón Ortega, |
| Fecha de publicación, distribución, etc. | 1898 ( |
| Fabricante | Imprenta y litografía de José Ortega) |
| 300 ## - DESCRIPCIÓN FÍSICA | |
| Extensión | 337 p., [1] h. plan. pleg., [24] h. fot. ; |
| Dimensiones | 14 cm. |
| 595 ## - | |
| -- | En cub. consta 2ª ed. |
| 597 ## - NOTA DE DESCRIPCIÓN FÍSICA | |
| NOTA DE DESCRIPCIÓN FÍSICA | De la p. 267 a la 337 pp. de propaganda comercial. |
| 597 ## - NOTA DE DESCRIPCIÓN FÍSICA | |
| NOTA DE DESCRIPCIÓN FÍSICA | Tiene además otra secuencia de 265-275, "Situación en el plano de las calles, plazas, oficinas públicas..." |
| 651 #4 - PUNTO DE ACCESO ADICIONAL DE MATERIA--NOMBRE GEOGRÁFICO | |
| Nombre geográfico | Valencia- |
| Subdivisión de forma | Guías. |
| 9 (RLIN) | 137387 |
| 852 ## - LOCALIZACIÓN | |
| Ubicación | ES-MaACL |
| Número de control de estantería | G-866 |
| Nota libre | -- Enc. ed. en tela |
| 852 ## - LOCALIZACIÓN | |
| Ubicación | ES-MaACL |
| Número de control de estantería | D-5208 |
| Nota libre | -- Enc. ed. en tela |
| Estatus retirado | Estado de pérdida | Estado de daño | No para préstamo | Colección | Biblioteca de origen | Biblioteca actual | Ubicación en estantería | Fecha de adquisición | Fuente de adquisición | Total de préstamos | Signatura topográfica completa | Código de barras | Visto por última vez | Precio de reemplazo | Tipo de ítem Koha |
|---|---|---|---|---|---|---|---|---|---|---|---|---|---|---|---|
| Libros del s. XIX | Biblioteca del Ateneo de Madrid | Biblioteca del Ateneo de Madrid | Sala Valle Inclán | 17/01/2008 | D-5208 | 901162015 | 23/02/2023 | 23/02/2023 | Libro impreso antiguo | ||||||
| Libros del s. XIX | Biblioteca del Ateneo de Madrid | Biblioteca del Ateneo de Madrid | Depósito 2 | 17/01/2008 | G-866 | 1162014 | 23/02/2023 | 23/02/2023 | Libro impreso antiguo |
